000 00813nam a22001937a 4500
999 _c20097
_d20097
003 AR-CdUCM
008 190525b ||||| |||| 00| 0 spa d
040 _aMUNICIPALIDAD PROVINCIAL DEL CUSCO
_cBIBLIOTECA MUNICIPAL DEL CUSCO
082 _a665.7 /
_bS81
100 _aStilman, Ernesto A.
_942051
245 _aEl maravilloso universo del oxígeno :
_bDesde la combustión y la respiración hasta los viajes interplanetarios /
260 _aBuenos Aires :
_bStilcograf,
_c1958.
300 _a145 páginas ;
_c24 cm.
505 _aContenido : El oxígeno y la vida en este mundo -- Aparatos para suministrar oxígeno al ser humano -- El oxígeno y la vida en los otros mundos...
650 _aOxigenoterapia
_942052
650 _aIntoxicaciones en el mundo entero
_942053
942 _2ddc
_cLIBROS
945 _arcc